00490nam a2200121 a 450000100100000000500170001000800410002704000250006808200140009324501110010726001290021830000210034700003307520200930070018.0110809s1941 dr 000 0 spa d aDO-SdBNPbspacBNPHU axxxxbE8200aEstudio estadístico de algunos aspectos del comercio exterior de la República Dominicana :b1920-1939. aCiudad Trujillo, República Dominicana :bDirección General de Estadística Nacional, Sección de Publicaciones,c1941. a125 p. ;c27 cm.